[Event "World Junior U20 Open 2018"]
[Site "Gebze"]
[Date "2018.09.07"]
[Round "4.30"]
[White "Liyanage, Ranindu Dilshan"]
[Black "Janik, Igor"]
[Result "0-1"]
[WhiteElo "1989"]
[BlackElo "2447"]
[Annotator "TA"]
[PlyCount "90"]
[EventDate "2018.09.05"]
[EventType "swiss"]
[EventCountry "TUR"]
[SourceTitle "playchess.com"]
[Source "ChessBase"]
[SourceQuality "1"]

{[%evp 23,90,10,12,-14,-17,-22,-10,-2,2,-16,-10,-21,-13,-16,-16,-18,-22,-30,-18,-12,-17,-29,-29,-28,-35,-41,-41,-79,-76,-111,-111,-111,-110,-107,-108,-91,-92,-86,-66,-132,-117,-141,-141,-147,-148,-144,-155,-166,-166,-166,-166,-166,-166,-166,-166,-166,-166,-167,-141,-141,-133,-250,-139,-224,-190,-194,-133,-200,-118]} 1. e4 c6 {[%cal Bc7c6,Bc6c5][%mdl 32]} 2. d4 d5 3. e5 Bf5 4. Nf3 e6 5. Be2 c5 6. Be3 Qb6 7. Nc3 Nc6 8. Na4 {B12: Caro-Kann: Advance Variation} Qa5+ 9. c3 cxd4 10. Nxd4 Nxd4 11. Bxd4 Ne7 12. Qb3 Qc7 {LiveBook: 3 Games} 13. Bb5+ $146 ({Predecessor:} 13. Nc5 O-O-O 14. Qa4 Nc6 15. O-O Bxc5 16. Bxc5 Qxe5 {1-0 (73) Le,Q (2736)-Rozum,I (2582) Hanoi 2018}) 13... Nc6 14. c4 dxc4 15. Qxc4 Be7 16. Rc1 Be4 17. O-O Bd5 18. Qd3 O-O 19. Nc3 Rfd8 20. Nxd5 Rxd5 21. Bxc6 $1 bxc6 22. Qc4 Rad8 $36 {[%mdl 2048] Black fights for an advantage.} 23. Bc3 Qb6 24. Qg4 Bc5 25. b4 Bd4 26. Bxd4 Rxd4 27. Qf3 R8d5 28. Qc3 Rxb4 29. Qxc6 Qxc6 30. Rxc6 $17 {[%mdl 4096] [#] Endgame Threatening mate with Rc8+. KRR-KRR} g5 (30... g6 {looks sharper.} 31. Ra6 Rb7 32. g4 Rxe5 33. Kg2 Kg7) 31. Rc2 (31. Ra6 $1 $15) 31... Rxe5 32. h3 Ra5 {Black is clearly better.} 33. Rd1 Rba4 34. Rdd2 Kg7 35. f3 Kg6 36. Rc7 Rf5 37. Rdd7 a6 {[%cal Ba7a6,Ba6a5][%mdl 32]} 38. Rc2 h5 {[%cal Bh7h5,Bh5g4][%mdl 32]} 39. Ra7 a5 40. Rb2 g4 41. fxg4 hxg4 42. Rc7 (42. hxg4 $17 Rxg4 43. Ra8) 42... Rd4 ({Black should play} 42... gxh3 $19 {...Rg5 is the strong threat.} 43. gxh3 Ra3) 43. Rb3 (43. hxg4 $17 Rxg4 44. Rbc2) 43... Rd1+ 44. Kh2 {[#]} Rh5 (44... gxh3 $1 $19 45. Rxh3 Rd2 46. Rg3+ Kf6) 45. Kg3 (45. Rg3 $17 {keeps fighting.} Rd4 46. Ra7) 45... Rg5 {Precision: White = 34%, Black = 75%.} ({Better is} 45... gxh3 $19 46. gxh3 Rg5+ 47. Kf4 Rf1+ 48. Ke4 f5+ 49. Ke5 Re1+ 50. Kf4 Rf1+ 51. Ke5 Re1+ 52. Kf4 Rf1+ 53. Ke5) 0-1

[Event "World Junior U20 Open 2018"]
[Site "Gebze"]
[Date "2018.09.07"]
[Round "4.31"]
[White "Batsuren, Dambasuren"]
[Black "Nyambileg, Erdene-Ochir"]
[Result "1-0"]
[WhiteElo "2446"]
[BlackElo "1798"]
[Annotator "TA"]
[PlyCount "61"]
[EventDate "2018.09.05"]
[EventType "swiss"]
[EventCountry "TUR"]
[SourceTitle "playchess.com"]
[Source "ChessBase"]
[SourceQuality "1"]

{[%evp 13,61,31,27,20,63,64,110,83,87,81,115,26,25,22,31,20,20,23,29,7,53,44,37,37,85,88,86,75,162,126,234,204,211,210,203,194,262,237,378,347,308,333,823,797,29981,29978,3542,2700,29989,29989]} 1. d4 Nf6 2. Nc3 g6 3. e4 d6 4. f4 Bg7 5. Nf3 O-O 6. Be3 c6 7. Bd3 Na6 {[%cal Bb8a6,Ba6c7,Bc7d5][%mdl 32] LiveBook: 9 Games. B09: Pirc Defence: Austrian Attack} 8. h3 Nc7 9. O-O Rb8 $146 {White is slightly better.} ({Predecessor:} 9... b5 10. a3 a5 11. Qe2 Bd7 12. g4 b4 13. Nd1 d5 14. e5 Ne4 15. Qe1 bxa3 16. Rxa3 Nb5 17. Ra1 f5 18. c4 Nc7 19. Qh4 e6 20. Qxd8 {½-½ (20) Socko,B (2656)-Markowski,T (2627) Lublin 2009}) 10. a4 b6 11. Qd2 a6 12. e5 (12. f5 $16) 12... Nfd5 $11 13. Nxd5 Nxd5 14. Bf2 b5 15. axb5 axb5 16. Bh4 Qc7 17. Rae1 c5 18. Be4 $36 {[%mdl 2048] Black is under pressure.} Bb7 19. f5 $1 dxe5 20. dxe5 {[%cal Bd4e5,Be5e6][%mdl 32]} Rfd8 (20... Rbd8 $16 {was called for.}) 21. Qg5 Ra8 (21... Nb4 $16 {was worth a try.}) 22. e6 f6 {[#]} 23. Qg4 $1 g5 24. Bg3 Qb6 {[#]} (24... Qc8 $142) 25. h4 $1 $18 h6 (25... Ra4 $142 26. hxg5 fxg5) 26. hxg5 hxg5 27. Qh5 c4+ $2 (27... Rf8 28. Qg6 Nf4 29. Bxf4 gxf4 30. Bxb7 c4+ 31. Rf2 Ra5) 28. Bf2 Qc7 29. Qf7+ Kh8 30. g3 {Kg2 would kill now.} Rf8 31. Qh5+ {Precision: White = 73%, Black = 23%.} 1-0

[Event "World Junior U20 Open 2018"]
[Site "Gebze"]
[Date "2018.09.07"]
[Round "4.32"]
[White "Tuncer, Tuna"]
[Black "Martinez Alcantara, Jose Eduardo"]
[Result "1-0"]
[WhiteElo "2342"]
[BlackElo "2565"]
[Annotator "TA"]
[PlyCount "83"]
[EventDate "2018.09.05"]
[EventType "swiss"]
[EventCountry "TUR"]
[SourceTitle "playchess.com"]
[Source "ChessBase"]
[SourceQuality "1"]

{[%evp 24,83,11,0,7,0,0,9,12,5,7,-25,-16,-56,12,3,0,0,0,0,34,0,0,0,52,61,91,89,111,15,8,16,512,540,654,636,639,620,916,906,867,915,900,908,804,900,893,848,774,752,1354,1343,1619,1715,1789,1460,29985,29986,29992,29993,29993,29994]} 1. e4 c5 2. Nf3 d6 3. d4 Nf6 4. Nc3 cxd4 5. Nxd4 a6 6. Be2 e5 7. Nb3 Be7 8. Be3 O-O 9. O-O Be6 10. Qd3 Nbd7 11. Nd5 Bxd5 12. exd5 Ne8 {[%cal Bf6e8,Be8g7,Bg7f5,Bf5d4][%mdl 32] B92: Sicilian Najdorf: 6 Be2} (12... Rc8 13. c4 Ne8 14. f3 g6 15. Kh1 Ng7 16. Bg1 Bg5 17. Rad1 h5 18. Nd2 f5 19. b4 h4 20. c5 dxc5 21. d6 cxb4 {1-0 (45) Karjakin,S (2782)-Grischuk,A (2766) Paris 2018}) 13. a4 {LiveBook: 4 Games} g6 14. a5 Ng7 $146 {The position is equal.} ({Predecessor:} 14... f5 15. c4 Rc8 16. Rfe1 Bg5 17. Bf1 Bxe3 18. Qxe3 Rb8 19. Qc3 Qc7 20. Nd2 {½-½ (34) Janisch,M (2415)-Kevicky,M (2406) ICCF email 2017}) 15. c4 Rc8 16. Bd2 Re8 17. f3 Nf5 18. Be1 Nc5 ({Better is} 18... Bg5 $15 19. Bf2 Qe7) 19. Nxc5 $11 dxc5 20. Bf2 Bd6 21. Rfe1 h5 22. Bf1 Nd4 23. g3 f5 ({Black should try} 23... Qd7 $11) 24. b4 $1 $14 Qf6 (24... cxb4 $2 25. f4 $18) 25. Rad1 h4 (25... cxb4 $2 26. f4 $18) 26. Kg2 (26. gxh4 $16 Rb8 27. bxc5 Bxc5 28. Qc3) 26... hxg3 $11 (26... cxb4 27. f4 $16) 27. hxg3 {And now bxc5 would win.} Qg5 $2 {[%mdl 8192]} (27... f4 $11 {and Black is okay.}) 28. bxc5 $18 Bxc5 {[#]} 29. Rxe5 $3 {[%mdl 512]} Rxe5 30. f4 {[%cal Bf3f4,Bf4e5][%mdl 32]} Qg4 31. fxe5 f4 32. Bxd4 Bxd4 33. Be2 (33. Qxd4 Qxg3+ 34. Kh1 Rc7 $19) 33... Qg5 34. Qxd4 Qxg3+ 35. Kf1 f3 36. Bd3 Rf8 37. Qg1 Qh3+ 38. Kf2 Qh4+ 39. Qg3 Qd4+ 40. Kf1 {White mates.} Rf4 41. Qxg6+ Kf8 42. Qh6+ {Precision: White = 57%, Black = 25%.} 1-0

[Event "World Junior U20 Open 2018"]
[Site "Gebze"]
[Date "2018.09.07"]
[Round "4.33"]
[White "Lobanov, Sergei"]
[Black "Sevgi, Volkan"]
[Result "1-0"]
[WhiteElo "2535"]
[BlackElo "2323"]
[Annotator "TA"]
[PlyCount "121"]
[EventDate "2018.09.05"]
[EventType "swiss"]
[EventCountry "TUR"]
[SourceTitle "playchess.com"]
[Source "ChessBase"]
[SourceQuality "1"]

{[%evp 22,121,43,36,36,29,34,35,38,34,33,17,33,0,0,0,0,5,29,15,45,45,47,48,49,56,63,54,65,63,65,55,55,49,50,49,53,45,56,63,68,59,133,133,148,147,147,147,152,147,154,148,173,160,181,181,181,179,196,196,268,265,260,260,592,590,441,408,762,751,707,739,690,657,647,565,1076,618,714,698,1837,1405,1542,1447,1870,7007,6424,6424,5281,5391,2662,1463,29973,29974,29976,29977,29979,29980,29983,29984,29982,29983]} 1. e4 c5 2. Nf3 Nc6 3. d4 cxd4 4. Nxd4 e5 5. Nb5 d6 6. c4 a6 7. N5c3 Nf6 8. Be2 Be7 9. Be3 O-O 10. O-O Be6 11. Na3 Rc8 12. Qd2 {LiveBook: 31 Partien} Nd7 {B32: Sizilianisch (Löwenthal-Variante)} 13. Nd5 (13. Rac1 Nc5 14. f3 Nd4 15. Bxd4 exd4 16. Qxd4 Qb6 17. Rc2 Bf6 18. Qe3 Qb4 19. Qd2 Na4 20. Nd5 {½-½ (37) Anand,V (2779)-Caruana,F (2823) Saint Louis 2016}) 13... Bxd5 14. exd5 $146 ({Vorgänger:} 14. cxd5 Ncb8 15. Nc4 Nc5 16. f3 b5 17. Na5 Qd7 18. b4 Na4 19. Rfc1 Rxc1+ 20. Rxc1 {1-0 (46) Forchert,M (2260)-Nun,J (2435) Germany 1992}) 14... Nd4 {Weiß steht etwas besser.} 15. Bxd4 exd4 16. Nc2 Qb6 17. Qxd4 (17. Nxd4 {seems wilder.} Bf6 18. Rad1 Rce8 19. Nb3 g6 20. Rfe1) 17... Bf6 18. Qxb6 Nxb6 19. Ne3 Rfe8 20. Rab1 $36 {[%mdl 2048] Weiss steht aktiver.} g6 21. Bg4 Rc7 22. b3 Bg5 23. Rfe1 f5 24. Bf3 Rce7 {[%cal Rg5e3]} 25. Nc2 Rxe1+ 26. Nxe1 Nd7 27. Kf1 Nc5 28. Nc2 Bf6 29. Re1 Rxe1+ 30. Nxe1 $14 {[%mdl 4096] Endspiel KLS-KLS} Bc3 31. Ke2 Bxe1 (31... a5 $14) 32. Kxe1 {KL-KS} a5 33. Kd2 Kf7 34. Kc3 Kf6 35. Kd4 h6 36. Bd1 g5 37. g3 f4 38. gxf4 gxf4 39. a3 b6 40. b4 axb4 (40... Na6 $142 41. Kc3 Ke5) 41. axb4 $18 Na6 42. Kc3 Kf5 $2 {[#]} (42... Ke5 43. Bh5 Nc7) 43. f3 Kf6 44. Ba4 Ke5 (44... Ke7 $142 45. Bc6 Kd8) 45. Bd7 Kf6 46. Bc8 Nc7 47. Kd4 Ne8 48. h4 Kg6 49. Ke4 Nf6+ 50. Kxf4 b5 51. Ba6 bxc4 52. Bxc4 Nd7 53. Bd3+ Kf6 54. Bf5 Nb6 55. Be6 Nc4 56. Ke4 Ke7 57. Kf5 {Weiß setzt Matt.} Ne5 58. f4 Nd3 59. b5 {[%cal Bb4b5,Bb5b6][%mdl 32]} Ke8 60. b6 Kd8 61. h5 {Precision: Weiß = 81%, Schwarz = 34%.} 1-0

[Event "World Junior U20 Open 2018"]
[Site "Gebze"]
[Date "2018.09.07"]
[Round "4.34"]
[White "Tutisani, Noe"]
[Black "Suleymenov, Alisher"]
[Result "1-0"]
[WhiteElo "2471"]
[BlackElo "2307"]
[Annotator "TA"]
[PlyCount "71"]
[EventDate "2018.09.05"]
[EventType "swiss"]
[EventCountry "TUR"]
[SourceTitle "playchess.com"]
[Source "ChessBase"]
[SourceQuality "1"]

{[%evp 25,71,45,50,48,53,43,54,41,47,41,44,46,283,283,318,323,330,298,378,378,391,320,304,223,302,296,306,329,339,341,383,393,406,400,492,514,935,873,1363,950,1483,1476,1494,1187,1372,1320,29989,29990]} 1. e4 c5 2. Nf3 Nc6 3. d4 cxd4 4. Nxd4 Nf6 5. Nc3 d6 6. Bg5 Bd7 7. Qd2 Rc8 8. O-O-O Nxd4 9. Qxd4 Qa5 10. Bd2 e5 11. Qd3 a6 12. a3 {B61: Sicilian: Richter-Rauzer: 6...Bd7 7 Qd2} Be6 13. f3 Qc7 {LiveBook: 6 Games} 14. g4 {[%cal Bg2g4,Bg4g5][%mdl 32] White is slightly better.} Be7 15. g5 Nd7 16. Nd5 Bxd5 17. exd5 Nc5 18. Qc3 $146 ({Predecessor:} 18. Qc4 b5 19. Qc3 {1-0 (47) Przybylski,W (2363)-Graca,R (2104) Poznan 2008}) 18... Qb6 $2 {[#]} (18... f5 $14) 19. b4 $18 O-O 20. bxc5 Rxc5 21. Qb2 Qd8 22. h4 Rxd5 23. Bd3 Rd4 24. Bc3 ({Resist} 24. Qxb7 d5 $18) 24... Ra4 25. Qb3 b5 26. Be4 Qc8 27. Bb2 Qe6 28. Kb1 Rc8 29. Qd3 g6 30. h5 Kg7 (30... Rxe4 $142 31. fxe4 Rc4) 31. hxg6 hxg6 32. f4 {[%cal Bf3f4,Bf4e5][%mdl 32]} Rxe4 33. Qxe4 Rc4 34. Qe3 Qf5 35. fxe5 Qxc2+ 36. Ka1 {Precision: White = 92%, Black = 32%.} 1-0

[Event "World Junior U20 Open 2018"]
[Site "Gebze"]
[Date "2018.09.07"]
[Round "4.35"]
[White "Barseghyan, Harutyun"]
[Black "Taalaibekov, Tagir"]
[Result "1-0"]
[WhiteElo "2466"]
[BlackElo "2291"]
[Annotator "TA"]
[PlyCount "185"]
[EventDate "2018.09.05"]
[EventType "swiss"]
[EventCountry "TUR"]
[SourceTitle "playchess.com"]
[Source "ChessBase"]
[SourceQuality "1"]

{[%evp 18,185,27,27,27,26,29,16,41,25,56,50,50,38,44,31,15,7,47,55,54,39,51,6,35,32,28,34,35,1,7,-17,6,0,5,-29,74,6,58,53,135,128,214,175,185,54,62,62,60,59,54,53,53,50,177,177,906,889,29991,168,168,168,168,168,325,327,220,231,586,582,737,741,29949,29950,29949,29951,29951,29952,29952,29954,29954,29955,29955,29956,29957,29957,29958,29960,29959,29960,29962,29962,29962,29963,29964,29964,29962,29963,29963,29965,29967,29968,29967,29970,29969,29971,29971,29970,29970,29973,29973,29974,29975,29975,29975,29976,29976,29975,29977,29978,29977,29978,29976,29976,29976,29975,29974,29975,29976,29975,29976,29977,29978,29979,29979,29979,29979,29978,29980,29979,29981,29976,29982,29983,29983,29984,29985,29986,29986,29987,29987,29988,29988,29989,29989,29990,29990,29991,29991,29992,29992,29993,29994,29994,29995,29996,29996,29997,29997,4153]} 1. d4 Nf6 2. c4 e6 3. Nc3 Bb4 4. Qc2 d6 5. a3 Bxc3+ 6. Qxc3 a5 {E32: Nimzoindisch (4.Dc2)} (6... Nbd7 7. f3 a5 8. e4 e5 9. Ne2 a4 10. Be3 O-O 11. O-O-O b6 12. g4 Ra5 13. h4 Re8 14. h5 h6 {1-0 (84) Riazantsev,A (2671)-Melkumyan,H (2633) Doha 2016}) 7. b3 b6 8. Nf3 Bb7 9. e3 Nbd7 {[%cal Bb8d7,Bd7f6,Bf6g4,Bg4e3][%mdl 32]} 10. Bb2 {LiveBook: 3 Partien} Ne4 $146 ({Vorgänger:} 10... Ra7 11. Nd2 c5 12. Be2 {1-0 (87) Pedersen,N (2458)-Csom,I (2448) Budapest 2002}) 11. Qc2 f5 12. Be2 Ndf6 13. Rd1 Nxf2 14. Kxf2 Ng4+ 15. Kg1 {zielt auf Dc1 ab.} Nxe3 16. Qd2 Nxd1 17. Bxd1 O-O (17... e5 $5) 18. Kf2 {[%mdl 1024] Weiss hat Kompensation.} Qf6 19. Qg5 Qf7 20. h4 h6 21. Qf4 Rad8 22. h5 c5 23. Nh4 Be4 {Droht stark ...cxd4.} 24. Ng6 Rfe8 {Weiss muss nun ...cxd4 beachten.} 25. Bf3 Bxf3 26. gxf3 b5 (26... cxd4 $11 27. Qxd4 e5) 27. Rd1 (27. cxb5 $16 {Droht dxc5 und aus.} e5 28. dxe5 Qxb3 29. Ba1 dxe5 30. Bxe5 (30. Qxf5 e4 $15)) 27... bxc4 (27... e5 $11 28. dxe5 dxe5 29. Nxe5 Qxh5 30. Rxd8 Rxd8 31. cxb5 Rd1) 28. dxc5 $14 e5 (28... Qa7 $1 $14) 29. Qxc4 $16 d5 (29... dxc5 $16 30. Qxf7+ Kxf7 31. Nxe5+ Ke6) 30. Qd3 $36 {[%mdl 2048] Weiss bestimmt, wo es lang geht.} d4 {[#] Schwarz will ...Tb8 spielen.} 31. Qc4 ({Weiss braucht} 31. f4 $1 $18) 31... Rb8 $1 $14 {...Dxc4 ist eine echte Drohung.} 32. Qxf7+ Kxf7 33. f4 Rxb3 34. Ba1 $1 exf4 35. Bxd4 Rd8 (35... Rxa3 $14 36. Be5 Re3) 36. c6 $18 {[%cal Bc5c6,Bc6c7][%mdl 32]} Rc8 $2 (36... Rxa3 37. c7 Rc8) 37. Re1 {Weiss droht Te7+ und Matt.} Rc7 38. Rc1 $2 (38. Nh8+ {setzt Matt} Kf8 39. Bc5+ Kg8 40. Re8+ Kh7 41. Ng6 Rc8 42. Rxc8 Rb2+ 43. Kf3 Rb3+ 44. Kxf4 Rb8 45. Rxb8 a4 46. Rh8#) 38... Rxa3 39. Be5 Rc8 40. c7 Rd3 $2 (40... Rb3 {war nötig.} 41. Rd1 Ke8) 41. Nxf4 Rd7 42. Rc5 a4 $2 {[#]} (42... Re7 {ist eine bessere Chance.} 43. Rxa5 Rxe5 44. Rxe5 Rxc7 45. Rxf5+ Ke7) 43. Nd5 $1 a3 44. Nb6 Rdxc7 45. Rxc7+ {Weiß setzt Matt.} Rxc7 46. Bxc7 Kf6 47. Nc4 a2 48. Be5+ Kg5 49. Bxg7 Kxh5 50. Kf3 Kg6 51. Ba1 Kf7 52. Ne5+ Ke6 53. Nd3 h5 54. Nb4 h4 55. Nxa2 Kd5 56. Nc3+ Kc4 57. Ne2 Kd3 58. Nf4+ Kc4 59. Bf6 h3 60. Nxh3 Kd5 61. Kf4 Ke6 62. Be5 Kd5 63. Kxf5 Kc6 64. Nf4 Kc5 65. Ke6 Kc6 66. Bd6 Kb6 67. Nd3 Kb5 68. Kd5 Kb6 69. Ne5 Kb7 70. Kc5 Ka6 71. Nc4 Kb7 72. Kb5 Ka7 73. Bc7 Kb7 74. Bb6 Kc8 75. Kc6 Kb8 76. Ne3 Ka8 77. Nd5 Kb8 78. Nc7 Kc8 79. Ba7 Kd8 80. Nd5 Ke8 81. Bd4 Kf7 82. Nf4 Ke7 83. Kc7 Ke8 84. Bf6 Kf7 85. Bh4 Ke8 86. Bg5 Kf7 87. Kd7 Kf8 88. Bh4 Kf7 89. Be7 Kg7 90. Ke6 Kh6 91. Kf7 Kh7 92. Bf8 Kh8 93. Ne6 {Precision: Weiß = 63%, Schwarz = 23%.} 1-0

[Event "World Junior U20 Open 2018"]
[Site "Gebze"]
[Date "2018.09.07"]
[Round "4.36"]
[White "Agibileg, Uurtsaikh"]
[Black "Escalante Ramirez, Brian Sebasti"]
[Result "1-0"]
[WhiteElo "2321"]
[BlackElo "2436"]
[Annotator "TA"]
[PlyCount "63"]
[EventDate "2018.09.05"]
[EventType "swiss"]
[EventCountry "TUR"]
[SourceTitle "playchess.com"]
[Source "ChessBase"]
[SourceQuality "1"]

{[%evp 23,63,48,74,52,77,69,80,72,92,68,110,70,54,63,141,145,136,118,111,114,322,319,295,287,426,426,406,403,327,144,125,147,292,222,334,285,328,320,291,283,1330,1339]} 1. d4 Nf6 2. c4 c5 3. d5 e6 4. Nc3 exd5 5. cxd5 d6 6. e4 g6 7. h3 Bg7 8. Nf3 O-O 9. Bd3 Re8 10. O-O a6 11. a4 Nbd7 12. Re1 Qc7 {LiveBook: 54 Games} 13. Qe2 {A70: Modern Benoni: 6 e4 g6 7 Nf3} (13. Bg5 h6 14. Be3 g5 15. Qd2 Qd8 16. Rad1 Nh5 17. Nh2 Nf8 18. h4 Nf4 19. Bf1 Qf6 20. g3 Nh3+ 21. Bxh3 Bxh3 22. hxg5 hxg5 23. Bxg5 {0-1 (40) Georgiev,K (2649)-Gashimov,V (2664) Heraklio 2007}) 13... h6 $146 ({Predecessor:} 13... b6 14. Be3 Bb7 15. Nd2 Ne5 16. Bc2 Qe7 17. f4 Ned7 18. Nc4 h5 19. Qf3 Rab8 20. g4 hxg4 21. hxg4 {0-1 (38) Sharma,V (2180)-Satyapragyan,S (2275) Sivakasi 1999}) 14. Bf4 g5 15. Bh2 {White is better.} Nh7 16. Rac1 Nhf8 17. b4 Ng6 18. a5 {[%cal Ba4a5,Ba5b6][%mdl 32] Strongly threatening Na4.} Qb8 {[#]} (18... b5 $14) 19. Na4 $1 $16 {[%cal Rb4c5]} cxb4 20. Qd2 b5 21. axb6 $1 a5 $2 (21... Nxb6 $16 22. Qxb4 Nxa4 23. Qxa4 Rd8) 22. Bb5 $18 Rd8 23. Nd4 {[#] Black must now prevent Nc6.} Bxd4 (23... Ba6 {keeps fighting.} 24. Bxd7 (24. Nc6 Bxb5 25. Nxb8 Rdxb8 $18) 24... Bxd4) 24. Qxd4 Nde5 25. Qe3 Bd7 26. Qe2 (26. Bc6 $1 $18) 26... Bxb5 $16 27. Qxb5 Ra7 (27... Rd7 $16 {is a better defense.} 28. Rc2 Rb7) 28. Re2 {[%cal Be1e2,Be2c2,Bc2c7][%mdl 32]} Nf4 (28... Ra8 $142 29. Rec2 Rd7 30. Rc8+ Qxc8 31. Rxc8+ Rxc8 32. Bxe5 Nxe5) 29. Bxf4 gxf4 30. Rec2 Rb7 31. Rc7 {aiming for Qa6.} Kh8 $2 (31... Qa8 32. Rxb7 Qxb7) 32. Qa6 {Precision: White = 43%, Black = 21%.} 1-0

[Event "World Junior U20 Open 2018"]
[Site "Gebze"]
[Date "2018.09.07"]
[Round "4.37"]
[White "Sibashvili, Giorgi"]
[Black "Garidmagnai, Byambasuren"]
[Result "1-0"]
[WhiteElo "2425"]
[BlackElo "2287"]
[Annotator "TA"]
[PlyCount "57"]
[EventDate "2018.09.05"]
[EventType "swiss"]
[EventCountry "TUR"]
[SourceTitle "playchess.com"]
[Source "ChessBase"]
[SourceQuality "1"]

{[%evp 18,57,31,26,22,25,36,39,62,68,145,144,169,170,168,183,192,160,175,151,166,106,243,248,322,317,381,357,451,479,580,590,742,753,995,977,29990,29991,29996,29997,29997,29998]} 1. d4 Nf6 2. c4 g6 3. Nc3 Bg7 4. e4 d6 5. Nf3 O-O 6. h3 e5 7. d5 Nbd7 8. Bg5 a5 9. g4 Nc5 10. Qc2 {LiveBook: 7 Games. E90: King's Indian: Classical: Early deviations and 6 h3} (10. Nd2 c6 11. Qf3 a4 12. Rg1 h6 13. Be3 Qa5 14. Rc1 a3 15. b3 Bd7 16. g5 hxg5 17. Bxg5 Nh5 {1-0 (31) Milov,V (2638)-Bologan,V (2661) Cannes 2006}) 10... Bd7 11. Be2 Qb8 $146 ({Predecessor:} 11... c6 12. Nd2 cxd5 13. cxd5 Qc7 14. Rc1 Rfc8 15. Be3 Qb8 16. g5 Nh5 17. Bxh5 gxh5 18. Bxc5 Rxc5 {0-1 (32) Pileckis,E (2255)-Jojua,D (2337) Istanbul 2005}) 12. Be3 {White is slightly better.} c6 {[#]} 13. Nxe5 $1 {[%mdl 512]} cxd5 ({Better is} 13... Nxd5 $14 14. Nxd5 (14. exd5 Bxe5 15. O-O-O Re8 $11) (14. Nxd7 Nxe3 15. Qc1 Nxd7 $17) 14... cxd5 15. Nxd7 Nxd7) (13... dxe5 14. Bxc5) 14. Nxd7 $16 ({But not} 14. cxd5 $6 dxe5 15. Bxc5 Rc8 $14) ({Wrong is} 14. Nxd5 $2 Nxd5 15. cxd5 Bxe5 $19) 14... Nfxd7 15. Nxd5 Re8 16. f3 Ne5 17. g5 Nc6 18. Qd2 Qd8 19. Rd1 (19. h4 $18) 19... a4 (19... Nb4 $16) 20. h4 $18 a3 21. b4 Na4 22. h5 Ne5 {If Black can now play ...Nb2 this consolidates a bit.} 23. hxg6 hxg6 24. Kf2 Nc6 25. Rh2 Ne7 26. Nf6+ Bxf6 27. gxf6 {White mates.} Nc6 28. Bd4 Nxd4 {[#]} 29. Rh8+ $1 {[%mdl 512] Precision: White = 83%, Black = 21%.} 1-0

[Event "World Junior U20 Open 2018"]
[Site "Gebze"]
[Date "2018.09.07"]
[Round "4.38"]
[White "Zhao, Chenxi"]
[Black "Raja Harshit"]
[Result "0-1"]
[WhiteElo "2275"]
[BlackElo "2419"]
[Annotator "TA"]
[PlyCount "102"]
[EventDate "2018.09.05"]
[EventType "swiss"]
[EventCountry "TUR"]
[SourceTitle "playchess.com"]
[Source "ChessBase"]
[SourceQuality "1"]

{[%evp 21,102,37,37,12,31,36,38,0,24,14,45,30,28,21,55,65,101,-18,12,14,14,16,23,16,28,12,20,18,37,0,37,9,47,10,16,10,23,0,0,0,0,0,54,52,53,0,0,0,0,0,11,0,0,-66,-60,-85,-85,-85,-85,-85,-85,-206,-206,-206,-206,-266,-252,-252,-252,-252,-221,-261,-279,-304,-269,-275,-243,-305,-209,-209,-202,-354,-359]} 1. e4 c5 2. Nf3 d6 3. d4 cxd4 4. Qxd4 Nc6 5. Bb5 Bd7 6. Qd3 g6 7. O-O {B53: Sicilian: 2...d6: Lines with Qxd4} Bg7 8. c4 Nf6 9. Nc3 O-O 10. h3 a6 $146 ({Predecessor:} 10... Rc8 11. Be3 a6 12. Bxc6 Bxc6 {½-½ (26) Karjakin,S (2760)-Nepomniachtchi,I (2729) Riadh 2017}) 11. Bxc6 Bxc6 {LiveBook: 87 Games} 12. Nd4 Nd7 13. Be3 Rc8 14. a4 Qa5 15. b3 Qe5 16. f4 Qa5 17. Rab1 Nc5 18. Qc2 Ne6 19. Qd2 (19. Nxc6 $16 bxc6 20. b4) 19... Nxd4 20. Bxd4 Bxd4+ 21. Qxd4 Qb4 22. Rfd1 (22. f5 {with more complications.} e6 23. f6 Rfd8 24. Rfd1 h6 25. Qe3) 22... Rfd8 23. Kh2 Qc5 24. Qd3 Qb4 25. Qd4 Rd7 26. Rd3 b6 (26... e5 $5 {[%cal Re5d4]} 27. fxe5 dxe5 $11) 27. h4 Qc5 28. Rbd1 (28. Re1 {looks sharper.} Rb7 29. Ra1 Qh5 30. Kh3 Qc5 31. Qe3) 28... Rb7 29. f5 Qxd4 30. Rxd4 f6 31. Nd5 b5 ({Better is} 31... Bxd5 $11 32. Rxd5 gxf5) 32. cxb5 $14 Bxd5 33. Rxd5 (33. bxa6 $14 Rxb3 34. Rxd5) 33... axb5 {[%mdl 4096] Endgame KRR-KRR} 34. a5 b4 35. Ra1 Kf7 36. fxg6+ hxg6 37. Ra2 (37. Rd4 $11) 37... Rc3 $1 $15 38. a6 Ra7 39. Rb5 {Threatens to win with Rb7.} Rxb3 40. g4 Rb1 $1 41. Rb7 (41. Kg2 $17 {was called for.}) 41... b3 $19 42. Ra4 {[#]} b2 $1 43. Rab4 (43. Rxa7 $2 {[#] loses.} Rh1+ $1 {[%mdl 512]} 44. Kxh1 b1=Q+ 45. Kg2 Qc2+ 46. Kf3 Qxa4 $19) 43... Rxa6 44. Rxb2 Re1 45. R7b4 Raa1 46. Kg3 Ra3+ 47. Kh2 Ree3 48. Kg1 Rh3 49. Rh2 Rag3+ 50. Kf2 Rf3+ (50... Rxh2+ 51. Kxg3 Rd2 52. h5 $17) 51. Ke2 $2 (51. Kg1 {is the only way for White.}) 51... Re3+ {Precision: White = 37%, Black = 58%.} ({Much less strong is} 51... Rxh2+ 52. Kxf3 Rxh4 53. Kg3 $19) 0-1